<?xml version="1.0" encoding="UTF-8"?>
<record
    xmlns:xsi="http://www.w3.org/2001/XMLSchema-instance"
    xsi:schemaLocation="http://www.loc.gov/MARC21/slim http://www.loc.gov/standards/marcxml/schema/MARC21slim.xsd"
    xmlns="http://www.loc.gov/MARC21/slim">

  <leader>01550nam a2200337 u 4500</leader>
  <controlfield tag="001">1479788</controlfield>
  <controlfield tag="005">20260508092050.0</controlfield>
  <controlfield tag="008">171124s2011                        spa  </controlfield>
  <datafield tag="020" ind1=" " ind2=" ">
    <subfield code="a">9788498751345</subfield>
  </datafield>
  <datafield tag="035" ind1=" " ind2=" ">
    <subfield code="a">1479788</subfield>
  </datafield>
  <datafield tag="040" ind1=" " ind2=" ">
    <subfield code="c">comduadb</subfield>
  </datafield>
  <datafield tag="041" ind1=" " ind2=" ">
    <subfield code="a">spa</subfield>
  </datafield>
  <datafield tag="082" ind1=" " ind2="4">
    <subfield code="a">332</subfield>
  </datafield>
  <datafield tag="100" ind1="1" ind2="0">
    <subfield code="a">Hagstrom, Robert G.</subfield>
    <subfield code="4">aut</subfield>
    <subfield code="e">aut</subfield>
    <subfield code="9">768041</subfield>
  </datafield>
  <datafield tag="245" ind1="1" ind2="0">
    <subfield code="a">Warren Buffett</subfield>
  </datafield>
  <datafield tag="250" ind1=" " ind2=" ">
    <subfield code="a">1. edici&#xF3;n ampliada y actualizada.</subfield>
  </datafield>
  <datafield tag="260" ind1=" " ind2=" ">
    <subfield code="a">Barcelona :</subfield>
    <subfield code="b">Gesti&#xF3;n 2000,</subfield>
    <subfield code="c">2011.</subfield>
  </datafield>
  <datafield tag="300" ind1=" " ind2=" ">
    <subfield code="a">317 p&#xE1;ginas :</subfield>
    <subfield code="b">tablas.</subfield>
  </datafield>
  <datafield tag="520" ind1="3" ind2=" ">
    <subfield code="a">"Warren Buffett ha consolidado su reputaci&#xF3;n como el mejor inversor de todos los tiempos, amasando discretamente una fortuna, a pesar de las tremendas fluctuaciones de los mercados, de muchos billones de d&#xF3;lares. Este libro, publicado hace m&#xE1;s de una d&#xE9;cada, ha ayudado a millones de personas a entender y emplear las estrategias de inversi&#xF3;n que han hecho triunfar a Buffett a lo largo de m&#xE1;s de medio siglo."</subfield>
  </datafield>
  <datafield tag="650" ind1=" " ind2=" ">
    <subfield code="a">Buffettt, Warren 1930- - Negocios</subfield>
    <subfield code="9">216766</subfield>
  </datafield>
  <datafield tag="650" ind1=" " ind2="7">
    <subfield code="a">Liderazgo</subfield>
    <subfield code="2">lemb</subfield>
    <subfield code="9">920</subfield>
  </datafield>
  <datafield tag="650" ind1=" " ind2="7">
    <subfield code="a">&#xC9;xito en los negocios</subfield>
    <subfield code="2">lemb</subfield>
    <subfield code="9">52392</subfield>
  </datafield>
  <datafield tag="650" ind1=" " ind2=" ">
    <subfield code="a">inversiones - Estados Unidos</subfield>
    <subfield code="9">219144</subfield>
  </datafield>
  <datafield tag="650" ind1=" " ind2=" ">
    <subfield code="a">Ejecutivos financieros - Estados Unidos</subfield>
    <subfield code="9">216767</subfield>
  </datafield>
  <datafield tag="650" ind1=" " ind2=" ">
    <subfield code="a">Ejecutivos - Estados Unidos</subfield>
    <subfield code="9">87839</subfield>
  </datafield>
  <datafield tag="650" ind1=" " ind2="7">
    <subfield code="a">Inversiones de capital</subfield>
    <subfield code="2">lemb</subfield>
    <subfield code="9">173036</subfield>
  </datafield>
  <datafield tag="700" ind1="1" ind2="0">
    <subfield code="a">Bill, Miller</subfield>
    <subfield code="4">aui</subfield>
    <subfield code="e">aui</subfield>
    <subfield code="9">759869</subfield>
  </datafield>
  <datafield tag="700" ind1="1" ind2="0">
    <subfield code="a">Fisher, Kenneth L.,</subfield>
    <subfield code="d">1938-</subfield>
    <subfield code="4">aui</subfield>
    <subfield code="0">(isni)0000 0004 3506 2519</subfield>
    <subfield code="0">(viaf)18403379</subfield>
    <subfield code="e">aui</subfield>
    <subfield code="9">759680</subfield>
  </datafield>
  <datafield tag="700" ind1="1" ind2="0">
    <subfield code="a">Atmetlla, Emili</subfield>
    <subfield code="4">trl</subfield>
    <subfield code="0">(viaf)303945590</subfield>
    <subfield code="e">trl</subfield>
    <subfield code="9">634606</subfield>
  </datafield>
  <datafield tag="942" ind1=" " ind2=" ">
    <subfield code="c">BOOK</subfield>
  </datafield>
  <datafield tag="999" ind1=" " ind2=" ">
    <subfield code="c">765282</subfield>
    <subfield code="d">765282</subfield>
  </datafield>
  <datafield tag="952" ind1=" " ind2=" ">
    <subfield code="0">0</subfield>
    <subfield code="1">0</subfield>
    <subfield code="4">0</subfield>
    <subfield code="7">0</subfield>
    <subfield code="8">GEN</subfield>
    <subfield code="a">BC</subfield>
    <subfield code="b">BC</subfield>
    <subfield code="d">2017-11-24</subfield>
    <subfield code="e">Librer&#xED;a Universidad de Antioquia</subfield>
    <subfield code="g">81000.00</subfield>
    <subfield code="i">C1273846</subfield>
    <subfield code="l">7</subfield>
    <subfield code="o">332.678 H146</subfield>
    <subfield code="p">1043512</subfield>
    <subfield code="r">2025-08-01 11:25:20</subfield>
    <subfield code="s">2025-06-04</subfield>
    <subfield code="t">1</subfield>
    <subfield code="w">2023-05-04</subfield>
    <subfield code="y">BOOK</subfield>
  </datafield>
</record>
